Cuentos completos (Registro nro. 4239)

Detalles MARC
000 - LÍDER
campo de control de longitud fija 01320nam a2200265Ia 4500
005 - FECHA Y HORA DE LA ÚLTIMA TRANSACCIÓN
campo de control 20210727153218.0
008 - ELEMENTOS DE DATOS DE LONGITUD FIJA - INFORMACIÓN GENERAL
campo de control de longitud fija 141031s9999 ck 000 0 spad
020 ## - INTERNATIONAL STANDARD BOOK NUMBER
International Standard Book Number 9788433977250
040 ## - FUENTE DE CATALOGACIÓN
Agencia de catalogación original CO-BoRNBP
Lenguaje de catalogación spa
Descripción convenciones rda
Agencia de transcripción CO-BoRNBP
084 ## - OTRO NÚMERO DE CLASIFICACIÓN
Número de clasificación C CAP1
100 1# - ENTRADA PRINCIPAL - NOMBRE PERSONAL
Nombre de la persona Capote, Truman,
Fechas asociadas a un nombre 1924-1984
245 10 - TÍTULO DECLARACIÓN
Título Cuentos completos
Declaración de responsabilidad Truman Capote; traducido por José Manuel Álvarez Flórez...[y otros]
250 ## - DECLARACIÓN DE EDICIÓN
Sentencia de edición 1a edicón
264 ## - AVISO DE PRODUCCIÓN, PUBLICACIÓN, DISTRIBUCIÓN, FABRICACIÓN Y DERECHOS DE AUTOR
Lugar de producción Barcelona
Nombre del productor Anagrama
Fecha de producción 2013
300 ## - DESCRIPCIÓN FÍSICA
Alcance 332 páginas
Dimensiones 23 cm.
336 ## - TIPO DE CONTENIDO
Tipo de contenido texto
Código de tipo de contenido txt
Fuente rdacontent
337 ## - TIPO DE MEDIO
Término del tipo de medio sin mediación
Código de tipo de medio n
Fuente rdamedia
338 ## - TIPO DE PORTADOR
Término del tipo de operador volumen
Código de tipo de operador nc
Fuente rdacarrier
505 ## - NOTA DE CONTENIDO FORMATEADA
Nota sobre el contenido formateado Las paredes están frías -- Un visón propio -- La forma de las cosas -- La botella de plata -- Miriam -- Mi versión del asunto -- La leyenda de Preacher -- Un árbol de noche -- El halcón decapitado -- Cierra la última puerta -- Niños en sus cumpleaños -- Profesor miseria -- La ganga -- Una guitarra de diamantes -- Una casa de flores -- Un recuerdo navideño -- En la antesala del paraíso -- El invitado del día de Acción de Gracias -- Mojave -- Una navidad
650 14 - ENTRADA DE SUJETO AÑADIDO - TÉRMINO TÓPICO
Fuente del título o término LEMB
Término tópico o elemento de entrada del nombre geográfico Cuentos estadounidenses
Subdivisión cronológica Siglo XX
650 14 - ENTRADA DE SUJETO AÑADIDO - TÉRMINO TÓPICO
Fuente del título o término LEMB
Término tópico o elemento de entrada del nombre geográfico Autores estadounidenses
650 14 - ENTRADA DE SUJETO AÑADIDO - TÉRMINO TÓPICO
Fuente del título o término LEMB
Término tópico o elemento de entrada del nombre geográfico Literatura estadounidense
700 1# - ENTRADA AGREGADA - NOMBRE PERSONAL
Nombre de la persona Álvarez Flórez, José Manuel
Término del Relator traductor
942 ## - ELEMENTOS DE ENTRADA AGREGADOS (KOHA)
Fuente de clasificación o esquema de estanterías
Tipo de artículo Koha Literartura
Existencias
Estado de retirada Pérdida de estatus Fuente de clasificación o esquema de estanterías Estado dañado No para préstamo Código de recogida Ubicación permanente Ubicación actual Ubicación de las estanterías Fecha de adquisición Fuente de adquisición Total de Cajas Número Topográfico Código de barras Precio efectivo desde Número de copia Fecha de la última vez que se vio Tipo de artículo Koha
    Dewey Decimal Classification     General Biblioteca Pública Municipal Isaías Naranjo Ríos Biblioteca Pública Municipal Isaías Naranjo Ríos Área General 09/10/2012 Dotación ministerio de cultura   C CAP1 API01 - 2845 10/10/2024 Ej. 1 10/10/2024 Literartura